000 00569nam a2200157Ia 4500
008 231221s9999 xx 000 0 und d
022 _a0974-1054
041 _aEnglish
245 0 _aLinux For You (2004 -
260 _cDec, 2012
_bEFYGroup
300 _cJN27038
510 _aDVD : Centos 6.3 community enterprise operating system An enterprise-class Linux-based operating system for PC and service.It is based on freely available source code of red hat enterprise Linux.
650 _aComputer Science
650 _aLinux,(2004,-,Computer Science
942 _cCD
999 _c215576
_d215576